000 01203nam a2200229 i 4500
001 189533
003 SpMaBN
005 20250930063201.0
008 190607s1872 sp f |||| | spa d
080 _a669
100 1 _aIbrán, Jerónimo,
_d1842-1910
_965028
245 1 0 _aÁlbum de metalurgia general
_b: arreglado al curso explicado en la Escuela de Ingenieros de Minas /
_cpor Jerónimo Ibran.
260 _a[S.l. :
_bs.n.],
_c1872 (
_eMadrid :
_bImp. y litogr. de Nicolás González,
_c1872.
300 _a2 v. (VIII, 630, [2] p.; 87 h. de lám.) ;
_c32-33 cm.
505 8 _aContiene: [1] Texto ;
_tPreparación mecánica ;
_tCombustibles ;
_tHornos ;
_tMáquinas soplantes ;
_tAparatos para calentar el aire, aprovechamiento de gases, montacargas, etc ;
_tCalcinación - [2] Atlas
530 _aDisponible en formato digital.
650 7 _aMetalurgia
_2embne
_9136491
852 _aES-MaACL
_jL-32429
_z- Enc. hol.
_z. - Legado Federico de Botella y de Hornos
852 _aES-MaACL
_jB-8082
_z. - Legado Federico de Botella y de Hornos
856 _uhttp://bdh-rd.bne.es/viewer.vm?id=0000007590&page=1
_zBiblioteca Digital Hispánica
999 _c189533
_d189533